000 00317nam a22001337a 4500
008 181001b xxu||||| |||| 00| 0 eng d
020 _a9780803956957
041 _aeng
080 _a159.9
100 _a48
101 _aPSI
245 _aPsycotherapy With Sexually Abused Boys
_cWilliam.N.F
942 _2udc
_cBK
999 _c48723
_d48723